000 00961nam a22003017a 4500
003 CHAP
005 20220329141435.0
008 971013s1982 r 00010 d
010 _a68166
011 _a69138
035 _a78613
040 _cCHAP
082 _a631.43
_bH54
100 0 0 _aHillel, Daniel.
_955451
245 _aIntroduction to soil physics New York, Academic Press
260 _aNew York :
_bAcademic Press,
_c1982
300 _a364 p.
_b: ilus. gráfs.
500 _a27-49
590 _aBATCH-UPD
_b10
_c20130110
_lUCH01
_h1527
590 _aBATCH-UPD
_b10
_c20130410
_lUCH01
_h0936
590 _aBATCH-UPD
_b10
_c20130914
_lUCH01
_h1617
590 _aCONVERSION
_b10
_c20130109
_lUCH01
_h1337
650 1 4 _aSuelos
_xFísica de.
_9110373
901 _aBK
942 _cLIBRO
949 _a631.43 H54
_bBC
_cLIBRO
_d33724000069605
_eLIBRO
_fc.2
_h58549
_i78613
_si
_t3.00
949 _a631.43 H54
_bBC
_cLIBRO
_d33724000069613
_eLIBRO
_h58412
_i78613
_si
_t3.00
999 _c68166
_d68166